Autoliberación interior
Guardat en:
| Autor principal: | |
|---|---|
| Format: | Llibre |
| Idioma: | espanyol |
| Publicat: |
Buenos Aires
LUMEN
1988
|
| Matèries: | |
| Etiquetes: |
Afegir etiqueta
Sense etiquetes, Sigues el primer a etiquetar aquest registre!
|
MARC
| LEADER | 00000cam a2200000 a 4500 | ||
|---|---|---|---|
| 001 | UCH4409 | ||
| 003 | CL-VaPUC | ||
| 008 | 090818e19880000AG |||||||||||||||||spa|d | ||
| 020 | |a 9505500203 | ||
| 082 | 0 | 4 | |a 242 |b MEL |2 21 |
| 100 | |a Mello, Anthony de |e autor |9 582334 | ||
| 245 | 1 | 0 | |a Autoliberación interior |
| 300 | |a 190 p | ||
| 942 | |c BK | ||
| 945 | |d 20090818 00:00:00 |a ccalabra | ||
| 260 | |a Buenos Aires |b LUMEN |c 1988 | ||
| 650 | 7 | |a REFLEXION |2 CL-VaPUC |9 369835 | |
| 650 | 0 | |a Desarrollo Personal |9 390751 | |
| 650 | 0 | |a Ficción |9 376687 | |
| 650 | 7 | |a DEVOCIONAL |2 CL-VaPUC |9 539920 | |
| 650 | 0 | |a Autoayuda |9 317869 | |
| 650 | 0 | |a Espiritualidad |9 267331 | |
| 583 | |a last modification |c 20151019 10:26:04 |k Rodrigo Vera | ||
| 999 | |c 335733 |d 335731 | ||